A csehszlovák valuta devalvációja
Elmentve itt :
| Dokumentumtípus: | Cikk |
|---|---|
| Megjelent: |
1934
|
| Sorozat: | Polgári jog : a hazai és külföldi magánjog és hiteljog szemléje
10 |
| Kulcsszavak: | Pénzügyi politika Csehszlovákia valuta |
| Online Access: | http://misc.bibl.u-szeged.hu/6000 |
| LEADER | 00572nab a2200157 i 4500 | ||
|---|---|---|---|
| 001 | misc6000 | ||
| 005 | 20191106142303.0 | ||
| 008 | 170607s1934 hu o 0|| hun d | ||
| 040 | |a SZTE Miscellanea Repozitórium |b hun | ||
| 041 | |a hun | ||
| 245 | 0 | 2 | |a A csehszlovák valuta devalvációja |h [elektronikus dokumentum] |
| 260 | |c 1934 | ||
| 300 | |a 223a | ||
| 490 | 0 | |a Polgári jog : a hazai és külföldi magánjog és hiteljog szemléje |v 10 | |
| 695 | |a Pénzügyi politika Csehszlovákia valuta | ||
| 856 | 4 | 0 | |u http://misc.bibl.u-szeged.hu/6000/1/polgari_jog_1934_223a.pdf |z Dokumentum-elérés |